MARC

LEADER 00000nam0a2200000 4500
001 282083
005 20231101235450.0
035 |a (RuTPU)RU\TPU\book\305956 
090 |a 282083 
100 |a 20150128d1984 k y0rusy50 ca 
101 0 |a rus 
102 |a UA 
105 |a a z 001zy 
200 1 |a Эффективные конструкции гражданских зданий  |e сборник научных трудов  |f Киевский зональный научно-исследовательский и проектный институт типового и экспериментального проектирования жилых и общественных зданий (КиевЗНИИЭП) 
210 |a Киев  |c [Б. и.]  |d 1984 
215 |a 98 с.  |c ил. 
320 |a Библиография в конце статей 
606 1 |a Железобетонные конструкции несущие  |x Монтаж  |2 stltpush  |3 (RuTPU)RU\TPU\subj\10694  |9 37732 
610 1 |a крупнопанельные здания 
610 1 |a каркасные сборные стилобаты 
610 1 |a деформирование 
610 1 |a рамные конструкции 
610 1 |a элементы 
610 1 |a несущая способность 
610 1 |a фундаменты 
610 1 |a объемные блоки 
610 1 |a расчет 
610 1 |a сложные горно-геологические условия 
610 1 |a железобетонные блок-стенки 
610 1 |a блочные здания 
610 1 |a сейсмическая устойчивость 
610 1 |a землетрясения 
675 |a 69.057.12  |v 4 
712 0 2 |a Киевский зональный научно-исследовательский и проектный институт типового и экспериментального проектирования жилых и общественных зданий (КиевЗНИИЭП)  |2 stltpush  |3 (RuTPU)RU\TPU\col\19532 
801 1 |a RU  |b 63413507  |c 20150128 
801 2 |a RU  |b 63413507  |c 20170719  |g RCR 
942 |c BK